000 00376nam a2200133Ia 4500
005 20260328104308.0
008 260328s9999||||xx |||||||||||||| ||und||
100 _aOlay, Maria de los Angelas
245 0 _aTesoro de Colima :
_b hallazgos de ayer y hoy /
_cMaria de los Angelas Olay
260 _bUniversidad de Colima
300 _a159 p.
650 _aCOLOMBIA
942 _cBK
999 _c10832
_d10832